00778cam a22002291 4500001001300000003000400013005001700017008004100034010001700075035001900092040003900111042001200150050002000162110003800182245011200220260004800332300004900380500001500429504003000444650004100474700003300515gs 15000360 DLC20260227111317.0790216s1914 xx 000 0 eng c ags 15000360  a(OCoLC)4660012 aU.S. Geol. Survey. Libr.cOCldDLC apremarc00aTN26b.A4 1914a1 aCanada.bMines Branch (1901-1936)00aReport on the non-metallic minerals used in the Canadian manufacturing industries,cby Howells Fréchette. aOttawa,bGovernment printing bureau,c1914. aviii p., 1 l., 199 p.bfold. tables.c25 cm. a"No. 305." aBibliography: p. 137-149. 0aMines and mineral resourceszCanada.1 aFréchette, Howells,d1879-